书目信息 |
| 题名: |
普通化学习题
|
|
| 作者: | 东健一 , 高桥博彰 著 ;费世奎 译 | |
| 分册: | ||
| 出版信息: | 上海 上海教育出版社 1982 |
|
| 页数: | 195页 | |
| 开本: | 21cm | |
| 丛书名: | ||
| 单 册: | ||
| 中图分类: | O6-44 | |
| 科图分类: | ||
| 主题词: | 普通化学--习题 | |
| 电子资源: | ||
| ISBN: | ||
| 000 | 00781nam0 2200265 45 | |
| 001 | 0182005372 | |
| 005 | 20060731145423.98 | |
| 010 | @dCNY0.65 | |
| 091 | @a7150.2654 | |
| 100 | @a19950630d1982 em y0chiy0121 ea | |
| 101 | 1 | @achi@cjpn |
| 102 | @aCN@b310000 | |
| 105 | @ay z 000yy | |
| 200 | 10 | @a普通化学习题@Apu tong hua xue xi ti@f(日)东健一,高桥博彰著@F(ri)dong jian yi,gao qiao bo zhang zhu@g费世奎译 |
| 210 | @a上海@c上海教育出版社@d1982 | |
| 215 | @a195页@d21cm | |
| 300 | @a朝仓化学讲座第2卷 | |
| 606 | @a普通化学@x习题 | |
| 690 | @aO6-44@v3 | |
| 701 | 0 | @a东健一@Adong jian yi@4著 |
| 701 | 0 | @a高桥博彰@Agao qiao bo zhang@4著 |
| 702 | 0 | @a费世奎@Afei shi kui@4译 |
| 801 | 2 | @aCN@bNLC@c20060731 |
| 801 | 0 | @aCN@b上海图书馆@c20040519 |
| 905 | @dO6-44@e124 | |
| 普通化学习题/(日)东健一,高桥博彰著/费世奎译.-上海:上海教育出版社,1982 |
| 195页;21cm |
| 朝仓化学讲座第2卷 |
| ISBN :CNY0.65 |
| ● |
| 相关链接 |
|
|
|
|
正题名:普通化学习题
索取号:O6-44/124
 
预约/预借
| 序号 | 登录号 | 条形码 | 馆藏地/架位号 | 状态 | 备注 |
| 1 | 0095058 | 001935829 | 第三借阅区/ [索取号:O6-44/124] | 在馆 | |
| 2 | 0095059 | 000338762 | 第二样本阅览室/ [索取号:O6-44/124] | 在馆 | |
| 3 | 0154972 | 000338753 | 第三借阅区/ [索取号:O6-44/124] | 在馆 | |
| 4 | 0443084 | 204430847 | 密集书库/ [索取号:O6-44/124] | 在馆 | |
| 5 | 0443085 | 204430856 | 密集书库/ [索取号:O6-44/124] | 在馆 |